000 00595nam a2200205Ia 4500
003 GCL
008 140319s9999 xx 000 0 ara d
040 _aGCL /
_cGCL
082 0 4 _a823.03
_bك ا
100 1 _aرمزى يسى
245 1 0 _aالافريقى /
_cرمزى يسى
700 1 _aكونتون , وليم
700 1 _aمصطفى حبيب
300 _a287 ص
490 _aالالف كتاب
_v0
650 0 4 _aالقصص الانجليزية
650 0 4 _aالادب الانجليزى المترجم
650 0 4 _aالادب العالمى المترجم
942 _2ddc
_cBK
999 _c43724
_d43724